La pascua y el paso del mar en las interpretaciones judías, cristianas y musulmanas (Éx 12-14) / (Registro nro. 49784)

Detalles MARC
000 -LEADER
campo de control de longitud fija 01719cam a2200445 4500
003 - IDENTIFICADOR DE NÚMERO DE CONTROL
campo de control PE-LiUPU
005 - FECHA Y HORA DE LA ÚLTIMA TRANSACCIÓN
campo de control 20250731173342.0
020 ## - NÚMERO INTERNACIONAL ESTÁNDAR DEL LIBRO
Número Internacional Estándar del Libro 8481692255
035 ## - NÚMERO DE CONTROL DEL SISTEMA
Número de control de sistema (Sirsi) i9788481692259
035 ## - NÚMERO DE CONTROL DEL SISTEMA
Número de control de sistema (Sirsi) 43026
035 ## - NÚMERO DE CONTROL DEL SISTEMA
Número de control de sistema (Sirsi) 43026
041 ## - CÓDIGO DE IDIOMA
Código de lengua del texto/banda sonora o título independiente es
044 ## - CÓDIGO DEL PAÍS DE LA ENTIDAD EDITORA/PRODUCTORA
Código MARC del país es
082 04 - NÚMERO DE LA CLASIFICACIÓN DECIMAL DEWEY
Número de clasificación 220.04
Cutter DTB 29
245 13 - MENCIÓN DEL TÍTULO
Título La pascua y el paso del mar en las interpretaciones judías, cristianas y musulmanas (Éx 12-14) /
Mención de responsabilidad, etc. Michel Berder ... [et al.] ; [traducción, José Pedro Tosaus]
Número de parte o sección de la obra 29.
264 #1 - PRODUCCIÓN, PUBLICACIÓN, DISTRIBUCIÓN, FABRICACIÓN Y COPYRIGHT
Producción, publicación, distribución, fabricación y copyright Estella, Navarra :
Nombre del de productor, editor, distribuidor, fabricante Verbo divino,
Fecha de producción, publicación, distribución, fabricación o copyright 1998
300 ## - DESCRIPCIÓN FÍSICA
Extensión 99 páginas :
Otras características físicas 19 cm.
490 0# - MENCIÓN DE SERIE
Mención de serie Documentos en torno a la Biblia
Designación de volumen o secuencia 29
505 0# - NOTA DE CONTENIDO CON FORMATO
Nota de contenido con formato Los datos del Antiguo Testamento -- De los Setenta al Nuevo Testamento -- Filón de Alejandría -- La tradición de los Sabios -- La documentación patrística -- La destrucción del faraón y de sus soldados en el islam -- Una predicación medi
526 ## - NOTA DE INFORMACIÓN SOBRE EL PROGRAMA DE ESTUDIO
Nombre del programa Segunda Especialidad En Profecías Bíblicas
526 ## - NOTA DE INFORMACIÓN SOBRE EL PROGRAMA DE ESTUDIO
Nombre del programa Segunda Especialidad En Nuevo Testamento
526 ## - NOTA DE INFORMACIÓN SOBRE EL PROGRAMA DE ESTUDIO
Nombre del programa Segunda Especialidad En Antiguo Testamento
526 ## - NOTA DE INFORMACIÓN SOBRE EL PROGRAMA DE ESTUDIO
Nombre del programa Segunda Especialidad En Estudios Adventistas
526 ## - NOTA DE INFORMACIÓN SOBRE EL PROGRAMA DE ESTUDIO
Nombre del programa Doctorado en teología
526 ## - NOTA DE INFORMACIÓN SOBRE EL PROGRAMA DE ESTUDIO
Nombre del programa Maestría en teología histórica
526 ## - NOTA DE INFORMACIÓN SOBRE EL PROGRAMA DE ESTUDIO
Nombre del programa Maestría en teología bíblica
526 ## - NOTA DE INFORMACIÓN SOBRE EL PROGRAMA DE ESTUDIO
Nombre del programa Maestría en teología
526 ## - NOTA DE INFORMACIÓN SOBRE EL PROGRAMA DE ESTUDIO
Nombre del programa Maestría en misionología
526 ## - NOTA DE INFORMACIÓN SOBRE EL PROGRAMA DE ESTUDIO
Nombre del programa Maestría en liderazgo eclesiástico
526 ## - NOTA DE INFORMACIÓN SOBRE EL PROGRAMA DE ESTUDIO
Nombre del programa Teología
596 ## -
-- 1
630 ## - PUNTO DE ACCESO ADICIONAL DE MATERIA--TÍTULO UNIFORME
Título uniforme Biblia
Nombre de parte o sección de la obra A.T.
-- Éxodo
Subdivisión general Crítica, interpretación, etc.
700 1# - ENTRADA AGREGADA--NOMBRE PERSONAL
Nombre de persona Berder, Michel
Término indicativo de función/relación coaut.
859 ## - INFORMACIÓN DE CONTROL LOCAL (RLIN)
-- 60322
-- 220.04
-- DTB 29
942 ## - ELEMENTOS DE ENTRADA SECUNDARIOS (KOHA)
Fuente del sistema de clasificación o colocación Clasificación Decimal Dewey
Tipo de ítem Koha
949 ## - PROCESAMIENTO DE INFORMACIÓN LOCAL (OCLC)
a 220.04 DTB 29
i 60322
l CCODEBUL1
m BUL
t LIBRO
o .STAFF. Colección General
910 ## - DATOS DE OPCIÓN DEL USUARIO (OCLC)
Datos de opción del usuario agl
-- jv
-- ng
-- 20090910
999 ## - NÚMEROS DE CONTROL DE SISTEMA (KOHA)
-- DEWEY
-- 60322
-- 2021-11-9
-- 5
-- CCODEBUL1
-- BUL
-- 16.00
-- 0
-- Y
-- BOOK
-- 2015-7-6
-- TEOLOGIA
-- UNKNOWN
-- .STAFF. Colección General
980 ## - EQUIVALENCIA O REFERENCIA-CRUZADA-MENCIÓN DE SERIE--NOMBRE DE PERSONA/TÍTULO [LOCAL, CANADÁ]
ID del último usuario que modificó el registro 1
Nombre del último usuario que modificó el registro ALBERTO SANCHEZ Responsable de Automatización
Existencias
Visto por última vez Número de inventario Total de préstamos Signatura topográfica completa Código de barras Copia número Coste, precio de reemplazo Fecha de reemplazo Facultad Tipo de ítem Koha Nota pública Estado de pérdida Fuente del sistema de clasificación o colocación Restricciones de uso No para préstamo Colección Programa académico Biblioteca de origen Biblioteca actual Ubicación en estantería Fecha de adquisición Coste, precio normal de compra
2025-12-02 6   220.04 DTB 29 60322 e1 21.00 2015-07-06   Libros físicos inventario-2023-12-13 No Perdido Clasificación Decimal Dewey No restringido Disponible para préstamos Colección General Teología Biblioteca CRAI UPeU Lima Biblioteca CRAI UPeU Lima Sala principal 2015-07-06 16.00